Actors by Role Quiz Stats

 Plays Quiz Updated Jun 26, 2018

Support Sporcle.
Go Orange.
Score 0/18 Timer 06:00
13 Plays Today
Characters Actor/Actress % Correct
Vito Corleone, Stanley Kowalski, Terry MalloyMarlon Brando
78.4%
Mrs. Gump, Norma Rae, Edna SpaldingSally Field
71.1%
Julianne Potter, Tinkerbell, Vivian WardJulia Roberts
61.6%
Princess Ann, Eliza Doolittle, Holly GolightlyAudrey Hepburn
57.3%
Norman Dale, Popeye Doyle, Lex LuthorGene Hackman
55.7%
Harry Callahan, Frankie Dunn, Walt KowalskiClint Eastwood
55.6%
Eddie Dupris, Lucius Fox, Ellis ReddingMorgan Freeman
55.1%
Joanna Kramer, Miranda Priestly, Sophie ZawistowskiMeryl Streep
52.3%
Charlie Allnut, Rick Blaine, Sam SpadeHumphrey Bogart
51.4%
Characters Actor/Actress % Correct
Travis Bickle, Jimmy Conway, Michael VronskyRobert De Niro
50.8%
Frank Costello, Jake Gittes, R.P. McMurphyJack Nicholson
47.9%
George Bailey, John 'Scottie' Ferguson, Jefferson SmithJames Stewart
46.6%
Sam Dawson, Jimmy Markum, Jeff SpicoliSean Penn
45%
Carlito Brigante, Frank Slade, Sonny WortzikAl Pacino
40.5%
Alonzo Harris, Jake Shuttlesworth, Silas TripDenzel Washington
24.4%
Kay Adams, Theresa Dunn, Mary WilkieDiane Keaton
18.7%
Tracy Lord, Rose Sayer, Ethel ThayerKatharine Hepburn
14.6%
Vicki Anderson, Diana Christensen, Evelyn MulwrayFaye Dunaway
11.8%

You're not logged in!

Compare scores with friends on all Sporcle quizzes.
OR
Log In

From the Vault

State Border Chain Minefield II

by mrsmith

You're definitely taking the scenic route here.
Remove Ads.
Support Sporcle.
Get the best of Sporcle when you Go Orange. This ad-free experience offers more features, more stats, and more fun while also helping to support Sporcle. Thank you for becoming a member.

Show Comments

Extras

Top Quizzes Today


Score Distribution

Your Account Isn't Verified!

In order to create a playlist on Sporcle, you need to verify the email address you used during registration. Go to your Sporcle Settings to finish the process.

Report this User

Report this user for behavior that violates our Community Guidelines.

Details: